000 00479nam a22001697a 4500
005 20251108171245.0
008 250721s1995 xx 000 0 ara d
082 1 4 _aط/750/سمي
100 1 _aالمرصفي، سميرة
245 1 0 _aأحلي فراشة :
_bسن ماقبل المدرسة /
264 1 _aالقاهرة :
_bوزارة الثقافة،
_c1995.
300 _a
650 1 7 _aالرسم
650 1 7 _aالتلوين
942 _2ddc
_cBK
999 _c60633
_d60633